VEDHIK-PARIBHASHA-PARDEEP (Record no. 7740)

MARC details
000 -LEADER
fixed length control field 00306nam a2200121Ia 4500
082 ## - DEWEY DECIMAL CLASSIFICATION NUMBER
Classification number 615.53
Item number V 12 T
100 ## - MAIN ENTRY--PERSONAL NAME
Personal name TREEPATHI,INDRDEV
245 ## - TITLE STATEMENT
Title VEDHIK-PARIBHASHA-PARDEEP
260 ## - PUBLICATION, DISTRIBUTION, ETC. (IMPRINT)
Name of publisher, distributor, etc CHAUKHAMBHA PUB. NEW DELHI
Year of Publication 2012
300 ## - PAGE DESCRIPTION
No. of Pages 142
942 ## - ADDED ENTRY ELEMENTS (KOHA)
Source of classification or shelving scheme Dewey Decimal Classification
Koha item type Books
Holdings
Withdrawn status Lost status Source of classification or shelving scheme Damaged status Not for loan Collection code Home library Current library Date acquired Vendor Name Cost, normal purchase price SGTU Bill Number Total Checkouts Full call number Accession No. (Barcode) Date last seen Bill Date Koha item type Date last borrowed
    Dewey Decimal Classification     AYURVEDA SGT FA-FP Library SGT FA-FP Library 14/09/2015 CHAUKHAMBHA PUB. NEW DELHI 30.00 SGTU CP/B453   615.53 V 12 T FA521 14/09/2015 27/09/2014 Books  
    Dewey Decimal Classification     AYURVEDA SGT FA-FP Library SGT FA-FP Library 14/09/2015 CHAUKHAMBHA PUB. NEW DELHI 30.00 SGTU CP/B453   615.53 V 12 T FA522 14/09/2015 27/09/2014 Books  
    Dewey Decimal Classification     AYURVEDA SGT FA-FP Library SGT FA-FP Library 14/09/2015 CHAUKHAMBHA PUB. NEW DELHI 30.00 SGTU CP/B453   615.53 V 12 T FA523 14/09/2015 27/09/2014 Books  
    Dewey Decimal Classification     AYURVEDA SGT FA-FP Library SGT FA-FP Library 14/09/2015 CHAUKHAMBHA PUB. NEW DELHI 30.00 SGTU CP/B453   615.53 V 12 T FA524 31/05/2018 27/09/2014 Books  
    Dewey Decimal Classification     AYURVEDA SGT FA-FP Library SGT FA-FP Library 14/09/2015 CHAUKHAMBHA PUB. NEW DELHI 30.00 SGTU CP/B453 1 615.53 V 12 T FA525 28/09/2016 27/09/2014 Books 21/09/2016